ბათუმის შოთა რუსთაველის სახელმწიფო უნივერსიტეტის ბიბლიოთეკა

წერილები "ჭეშმარიტება და მეთოდის'' შესახებ (ბიბ.ჩანაწერი № 58319)

000 -ლიდერი
ფიქსირებული სიგრძის საკონტროლო ველი 02114nam a22002897a 4500
003 - საკონტროლო ნომრის იდენტიფიკატორი
საკონტროლო ველი Ge_BSU
005 - ბოლო ოპერაციის თარიღი და დრო
საკონტროლო ველი 20211104143151.0
008 - ფიქსირებული სიგრძის მონაცემთა ელემენტები - ზოგადი ინფორმაცია
ფიქსირებული სიგრძის საკონტროლო ველი 211104s2021 xxu||||| |||| 00| 0 geo d
020 ## - წიგნის საერთაშორისო სტანდარტული ნომერი
International Standard Book Number 9789941479816
041 ## - ენის კოდი
Language code of text/sound track or separate title geo
080 ## - უნივერსალური ათობითი კლასიფიკაციის ინდექსი
Universal Decimal Classification number 1:050 შ-92
100 ## - მთავარი ჩანაწერი - პიროვნების სახელი
Personal name შტრაუსი, ლეო
9 (RLIN) 12810
245 ## - ცნობა სათაურის შესახებ
Title წერილები "ჭეშმარიტება და მეთოდის'' შესახებ
Statement of responsibility, etc ლეო შტრაუსი, ჰანს-გეორგ გადამერი; ქართულად თარგმნა გიორგი ხუროშვილმა; რედ. თენგიზ ირემაძე, ჰელმუტ შნაიდერი; ახალი საქართველოს უნივერსიტეტი. კავკასიური ფილოსოფიისა და თეოლოგიის სამეცნიერო-კვლევითი არქივი.
250 ## - გამოცემის ცნობა
Edition statement პირველი გამოცემა
264 ## - წარმოების, გამოცემის, დისტრიბუციის და სხვა ცნობები
გამოცემის, წარმოების, დისტრიბუციის... ადგილი თბილისი :
გამოცემის, წარმოების, დისტრიბუციის... სახელწოდება ნეკერი,
გამოცემის, წარმოების, დისტრიბუციის... თარიღი 2021.
300 ## - ფიზიკური აღწერა
Extent 46 გვ.;
Other physical details 15 სმ.
440 ## - სერიის ცნობა / დამატებულია ჩანაწერი - სათაური
Title აღმოსავლეთი და დასავლეთი -კულტურათა დიალოგი
Volume number/sequential designation ტ.13
9 (RLIN) 6939
500 ## - ზოგადი შენიშვნა
General note პარალ. სათ ინგლ. ენ
501 ## - შენიშვნა თანმხლებ მასალაზე
With note სახელთა საძიებელი გვ. 42
504 ## - BIBLIOGRAPHY, ETC. NOTE
Bibliography, etc ბიბლიოგრ. შენიშვნა გვ. 41
653 ## - INDEX TERM--UNCONTROLLED
Uncontrolled term ფილოსოფია
653 ## - INDEX TERM--UNCONTROLLED
Uncontrolled term ჭეშმარიტება
700 ## - ADDED ENTRY--PERSONAL NAME
Personal name გადამერი, ჰანს-გეორგ
Relator term ავტორი
9 (RLIN) 12811
700 ## - ADDED ENTRY--PERSONAL NAME
Personal name ხუროშვილი, გიორგი
Relator term მთარგმნელი
9 (RLIN) 5941
710 ## - ADDED ENTRY--CORPORATE NAME
Corporate name or jurisdiction name as entry element ახალი საქართველოს უნივერსიტეტი
Subordinate unit კავკასიური ფილოსოფიისა და თეოლოგიის სამეცნიერო-კვლევითი არქივი
9 (RLIN) 12812
942 ## - ADDED ENTRY ELEMENTS (KOHA)
Source of classification or shelving scheme
Koha item type წიგნი
ეგზემპლარები
ჩამოწერის სტატუსი დაკარგული ეგზემპლარის სტატუსი კლასიფიკაციის წყარო ან თაროზე გაწყობის სქემა დაზიანების სტატუსი არ გაიცემა მუდმივი მდებარეობა (დაცვის ადგილი) ამჟამინდელი ადგილსამყოფელი თაროზე განთავსების ადგილი შეძენის თარიღი ღირებულება, შესყიდვის ნორმალური ფასი სრული შენახვის შიფრი შტრიხკოდი ბოლო ოპერაციის თარიღი ეგზემპლარის მიმდევრობითი ნომერი (კეტერი?) ფასის ძალაში შესვლის თარიღი ეგზემპლარის სახეობა საჯარო შენიშვნა
          ბათუმის შოთა რუსთაველის სახელმწიფო უნივერსიტეტის მთავარი ბიბლიოთეკა ბათუმის შოთა რუსთაველის სახელმწიფო უნივერსიტეტის მთავარი ბიბლიოთეკა წიგნსაცავი 2021-11-04 4.00 1:050 შ-92 61911 2021-11-04 61911 2021-11-04 წიგნი 4 ლ.